| 000 | 00360nam a2200121Ia 4500 | ||
|---|---|---|---|
| 008 | 210430s9999 xx 000 0 und d | ||
| 082 | _a332M67811 E | ||
| 100 | _aFrederic S. Mishkin | ||
| 245 | 4 |
_aThe economics Money, Banking and Financial Markets _cFrederic S. Mishkin |
|
| 260 |
_aIslamabad _bFrederic S. Mishkin _c2003 |
||
| 300 | _a737p | ||
| 942 |
_cBK _2ddc |
||
| 999 |
_c562137 _d562137 |
||